000 00828nam a2200289Ia 4500
003 OSt
005 20220912151743.0
006 a|||||r|||| 00| 0
007 ta
008 220909b |||||||| |||| 00| 0 eng d
020 _a0444517960 (pbk)
024 _a17046
037 _b11108, 23/02/2006, Govinda Book House
037 _cTextual
040 _aCSL
_beng
_cCSL
041 _aeng
082 _aB2811, P5
100 _aKlyatskin V I
245 0 _aDynamics of stochastic systems
260 _aAmesterdam
_bElsevier
_c2005
300 _a205p.
_ccm.
500 _aBibliography 200-203p.
_ccm.; Index 204-205p.
_ccm.
650 _a Stochastic systems
650 _aStatistics
942 _hB2811, P5
_cTEXL
_2CC
999 _c74587
_d74587